Životnosť poistných produktov v minulosti a dnes diplomová práca

Enregistré dans:
Détails bibliographiques
Auteur principal: Jurových, Peter
Collectivité auteur: Národohospodárska fakulta EU. Katedra poisťovníctva
Autres auteurs: Pastoráková, Erika, 1972-
Format: Livre
Langue:slovaque
Publié: Bratislava 2013
Tags: Ajouter un tag
Pas de tags, Soyez le premier à ajouter un tag!

MARC

LEADER 00000nbm a2200000 4500
001 0170543
005 20161109102353.3
041 0 |a slo 
044 |a SK 
245 1 0 |a Životnosť poistných produktov v minulosti a dnes  |b diplomová práca  |c Peter Jurových ; školiteľ: Erika Pastoráková 
264 1 |a Bratislava  |c 2013 
300 |a 62 s. 
100 1 |a Jurových, Peter 
700 1 |a Pastoráková, Erika, 1972- 
710 2 |a Národohospodárska fakulta EU. Katedra poisťovníctva